| 000 | 00810nac a22002291u 4500 | ||
|---|---|---|---|
| 008 | 130109s2003 ii ill |r|||| 001 0 eng d | ||
| 010 | _a2001056578 | ||
| 020 | _a013034074X | ||
| 020 | _a8129700263 | ||
| 020 | _a9788129700261 | ||
| 082 |
_a004 _bBRY _222 |
||
| 100 |
_aBryant, Randal. _931836 |
||
| 245 | 1 | 0 |
_aComputer systems : _ba programmer's perspective beta version / _cRandal E. Bryant, David R. O'Hallaron. |
| 260 |
_aNew Delhi : _bPearson Education, _cc2003. |
||
| 300 |
_axxix, 978 p. : _bill. (some col.) ; _c24 cm. |
||
| 504 | _aIncludes bibliographical references and index. | ||
| 650 | 0 |
_aComputers. _931837 |
|
| 650 | 0 |
_aTelecommunication. _931838 |
|
| 650 | 0 |
_aUser interfaces (Computer systems) _931839 |
|
| 700 | 1 |
_aO'Hallaron, David Richard. _931840 |
|
| 942 |
_cBB _k004 BRY _2ddc |
||
| 999 |
_c692 _d692 |
||